000 00588nam a2200193 i 4500
001 84119
003 ES-MaACL
005 20240517125322.0
007 t|
008 041119s1976 sp ||||1| spa d
100 1 _aJakobson, Roman.
_965941
245 1 0 _aNuevos ensayos de lingüística general /
_cpor Roman Jakobson ; [traducción de Tomás Segovia].
250 _a[1ª ed.].
260 _a[Madrid] :
_bSiglo Veintiuno,
_c[1976]
300 _a333 p. ;
_c21 cm.
700 1 _aSegovia, Tomás,
_d1927-2011
_9105153
852 _aES-MaACL
_jL-6773
_bR.107611
999 _c84119
_d84119